000 00267nam a22001097a 4500
008 160420b xxu||||| |||| 00| 0 eng d
020 _a9781416062493
041 _aeng
080 _a618.2
245 _aPHarmacology of nursing care:
_cRichard A. Lehne;
942 _2udc
_cBK
999 _c1472
_d1472